000 00243nam a2200097Ia 4500
001 679694
005 20250826161101.0
008 250824s9999 xx 000 0 und d
245 0 _aKELEŞ OSMAN
_cNECATİ TOSUNER
260 _bGÜNIŞIĞI YAYINLARI
999 _c679694
_d679694